000 00508nam a22001457a 4500
082 _a004
100 _aDurrani, Amman
245 _aDetection of Distributed Denial of Service Attack on Vehicular Adhoc Networks using very fast Decision Tree
_cAmman Durrani
260 _aIslamabad :
_bMCS - NUST,
_c2016.
300 _a107 p. ;
_c30cm.
650 _aInformation Technology-MS-Thesis
_916355
700 _aDr. Seemab Latif
_927094
942 _2ddc
_cTHE
999 _c540850
_d540850